1443 1371 1613 1860 1059 1987 1731 1398 1279 1690 1213 1821 1498 1959 1725 1975 1417 1580 1743 1472 1827 1344 1723 1902 1696 1724 1226 1329 1820 1377 1999 1713 1697 1447 1733 1242 1377 1116 1327 1101 1609 1933 1369 1560 1549 1734 1288 1965 1739 1425 1331 1029 1252 1809 1164 1603 1735 1609 1798 1292 1104 1895 1471 1377 1270 1681 1469 1310 1858 1300 1029 1795 1439 1868 1572 1583 1185 1069 1336 1867 1249 1207 1258 1438 1637 1137 1642 1430 1336 1318 1458 1584 1379 1300 1100 1321 1715 1066 1046 BCNSPRNW ULIB Ver.6.0+V

เปลี่ยนเป็นภาษาไทย

Change to English
 แสดงรายละเอียดบรรณานุกรม
  กลับหน้าหลัก

Brief Record : Get Marc (ISO 2709) : E-mail record : QR code < ปิดหน้าต่าง
LEADER : 00000nam a2200000Ia 4500
001    13399126900
003     ULIB
008    181112s2561 th a 000 0 tha d
020    ^a9786164855571
040    ^anss
060 04 ^aWY160^bก492
100 0  ^aผกาพันธุ์ วุฒิลักษณ์
245 10 ^aการพยาบาลผู้ป่วยโรคจิตเภท: บทบาทและกระบวนการ /^cผกาพันธุ์ วุฒิลักษณ์
250    ^aพิมพ์ครั้งที่ 2
260    ^aเชียงใหม่ :^bดีไซน์ปริ้นท์ มีเดีย,^c2562
300    ^aจ, 126 หน้า ;^c25 ซม.
650  4 ^aการพยาบาลจิตเวชศาสตร์
650  4 ^aจิตเภท
710 2  ^aมหาวิทยาลัยเชียงใหม่.^bคณะพยาบาลศาสตร์
945    ^p250^l0^i27558
945    ^p250^l0^i27559
945    ^p250^l0^i27556
945    ^p250^l0^i27557
945    ^p250^l0^i27555
995    ^aกัณชพร จุลอักษร
999    ^aกัณชพร
รายการนี้ยังไม่มีแท็ก
คุณยังไม่ได้ล็อกอิน คุณสามารถมีกิจกรรมร่วมกับเว็บไซต์ได้ แต่ต้องล็อกอินก่อน ::
  ล็อกอิน

รายการสื่อสารสนเทศ

ลำดับที่ ประเภท เลขเรียก/บาร์โค้ด สถานที่ สถานะ
1. หนังสือสำรอง
หนังสือสำรอง
WY160 ก492 ฉ.1 
  Barcode: 27555
ห้องสมุดวิทยาเขตนครสวรรค์
►หนังสือทั่วไป:l:General Books
บนชั้น
2. วิทยาศาสตร์การแพทย์ และสุขภาพ
วิทยาศาสตร์การแพทย์ และสุขภาพ
WY160 ก492 ฉ.2 
  Barcode: 27556
ห้องสมุดวิทยาเขตนครสวรรค์
►หนังสือทั่วไป:l:General Books
บนชั้น
3. วิทยาศาสตร์การแพทย์ และสุขภาพ
วิทยาศาสตร์การแพทย์ และสุขภาพ
WY160 ก492 ฉ.3 
  Barcode: 27557
ห้องสมุดวิทยาเขตนครสวรรค์
►หนังสือทั่วไป:l:General Books
บนชั้น
4. วิทยาศาสตร์การแพทย์ และสุขภาพ
วิทยาศาสตร์การแพทย์ และสุขภาพ
WY160 ก492 ฉ.4 
  Barcode: 27558
ห้องสมุดวิทยาเขตนครสวรรค์
►หนังสือทั่วไป:l:General Books
บนชั้น
5. วิทยาศาสตร์การแพทย์ และสุขภาพ
วิทยาศาสตร์การแพทย์ และสุขภาพ
WY160 ก492 ฉ.5 
  Barcode: 27559
ห้องสมุดวิทยาเขตนครสวรรค์
►หนังสือทั่วไป:l:General Books
บนชั้น

รายการใกล้เคียง
    ผู้แต่ง [ผกาพันธุ์ วุฒิลักษณ์]

    หัวเรื่อง [การพยาบาลจิตเวชศาสตร์]
    หัวเรื่อง [จิตเภท]

BibComment


ยังไม่เคยถูกคอมเมนท์

คอมเมนท์ทรัพยากรรายการนี้
  คอมเมนท์: การพยาบาลผู้ป่วย..


 Copyright 2026. Bcnsprnw @Library